Pekeliling Kemajuan Pentadbiran Awam dan profil perkhidmatan awam Malaysia / (Record no. 167)
[ view plain ]
| 000 -LEADER | |
|---|---|
| fixed length control field | nam a22 a 4500 |
| 003 - CONTROL NUMBER IDENTIFIER | |
| control field | AKMAL |
| 005 - DATE AND TIME OF LATEST TRANSACTION | |
| control field | 20170421164521.0 |
| 008 - FIXED-LENGTH DATA ELEMENTS--GENERAL INFORMATION | |
| fixed length control field | 170421s2007 my | e f f000 0 may d |
| 020 ## - INTERNATIONAL STANDARD BOOK NUMBER | |
| International Standard Book Number | 9677010158 |
| 040 ## - CATALOGING SOURCE | |
| Original cataloging agency | AKMAL |
| 082 04 - DEWEY DECIMAL CLASSIFICATION NUMBER | |
| Classification number | 354.595 PEK |
| Edition number | 22 |
| 090 00 - LOCALLY ASSIGNED LC-TYPE CALL NUMBER (OCLC); LOCAL CALL NUMBER (RLIN) | |
| Classification number (OCLC) (R) ; Classification number, CALL (RLIN) (NR) | 354.595 |
| Local cutter number (OCLC) ; Book number/undivided call number, CALL (RLIN) | PEK |
| 110 1# - MAIN ENTRY--CORPORATE NAME | |
| Corporate name or jurisdiction name as entry element | Malaysia |
| 9 (RLIN) | 400 |
| 245 00 - TITLE STATEMENT | |
| Title | Pekeliling Kemajuan Pentadbiran Awam dan profil perkhidmatan awam Malaysia / |
| Statement of responsibility, etc. | disusun semula oleh Penasihat Undang-undang MDC |
| 250 ## - EDITION STATEMENT | |
| Edition statement | Ed. 2007 |
| 260 ## - PUBLICATION, DISTRIBUTION, ETC. | |
| Place of publication, distribution, etc. | Kuala Lumpur : |
| Name of publisher, distributor, etc. | MDC Publishers, |
| Date of publication, distribution, etc. | 2007 |
| 300 ## - PHYSICAL DESCRIPTION | |
| Extent | 688ms. ; |
| Dimensions | 25cm. |
| 500 ## - GENERAL NOTE | |
| General note | Di kepala judul kulit depan: Buku panduan untuk peperiksaan am kerajaan |
| 500 ## - GENERAL NOTE | |
| General note | Cetakan kelimabelas 2007 |
| 650 10 - SUBJECT ADDED ENTRY--TOPICAL TERM | |
| Topical term or geographic name entry element | Office practice in government |
| Geographic subdivision | Malaysia |
| Form subdivision | Handbooks, manuals, etc. |
| 9 (RLIN) | 403 |
| 650 20 - SUBJECT ADDED ENTRY--TOPICAL TERM | |
| Topical term or geographic name entry element | Civil service ethics |
| Geographic subdivision | Malaysia |
| Form subdivision | Handbooks, manuals, etc. |
| 9 (RLIN) | 404 |
| 710 2# - ADDED ENTRY--CORPORATE NAME | |
| Corporate name or jurisdiction name as entry element | Penasihat undang-undang MDC |
| 9 (RLIN) | 405 |
| 942 ## - ADDED ENTRY ELEMENTS (KOHA) | |
| Source of classification or shelving scheme | |
| Koha item type | Book |
| Withdrawn status | Lost status | Source of classification or shelving scheme | Damaged status | Not for loan | Collection code | Home library | Current library | Shelving location | Date acquired | Inventory number | Total Checkouts | Full call number | Barcode | Date last seen | Price effective from | Koha item type |
|---|---|---|---|---|---|---|---|---|---|---|---|---|---|---|---|---|
| NON-FICTION | AKMAL Melaka | AKMAL Melaka | PINJAMAN | 21.04.2017 | 304694 | 354.595 PEK | 201700356 | 21.04.2017 | 21.04.2017 | Book | ||||||
| NON-FICTION | AKMAL Melaka | AKMAL Melaka | PINJAMAN | 21.04.2017 | 304690 | 354.595 PEK | 201700357 | 21.04.2017 | 21.04.2017 | Book | ||||||
| NON-FICTION | AKMAL Melaka | AKMAL Melaka | PINJAMAN | 21.04.2017 | 304691 | 354.595 PEK | 201700363 | 21.04.2017 | 21.04.2017 | Book | ||||||
| NON-FICTION | AKMAL Melaka | AKMAL Melaka | PINJAMAN | 21.04.2017 | 304692 | 354.595 PEK | 201700362 | 21.04.2017 | 21.04.2017 | Book | ||||||
| NON-FICTION | AKMAL Melaka | AKMAL Melaka | PINJAMAN | 21.04.2017 | 304693 | 354.595 PEK | 201700364 | 21.04.2017 | 21.04.2017 | Book |
